Derecho de familia (Registro nro. 2934)

Detalles MARC
000 -CABECERA
Longitud fija campo de control 00698cam a22002294a 4500
001 - NÚMERO DE CONTROL
Número de control 12539142
003 - IDENTIFICADOR DELl NÚMERO DE CONTROL
Identificador del número de control OSt
005 - FECHA Y HORA DE LA ÚLTIMA TRANSACCIÓN
Fecha y hora de la última transacción 20140822213002.0
008 - CÓDIGOS DE INFORMACIÓN DE LONGITUD FIJA
Códigos de información de longitud fija 010919s19941998 arg spa
020 ## - NÚMERO INTERNACIONAL NORMALIZADO PARA LIBROS
Número Internacional Normalizado para Libros (ISBN) 950-727-006-X (vol. 1)
020 ## - NÚMERO INTERNACIONAL NORMALIZADO PARA LIBROS
Número Internacional Normalizado para Libros (ISBN) 950-727-008-6 (vol. 2)
020 ## - NÚMERO INTERNACIONAL NORMALIZADO PARA LIBROS
Número Internacional Normalizado para Libros (ISBN) 950-727-024-8 (vol. 3)
040 ## - FUENTE DE LA CATALOGACIÓN
Centro catalogador de origen DLC
Centro transcriptor BMC
Centro modificado DLC
082 ## - NÚMERO DE LA CLASIFICACIÓN DECIMAL DEWEY
Númeroo de clasificación 346.01582
100 1# - PUNTO DE ACCESO PRINCIPAL-NOMBRE DE PERSONA
Nombre de persona Méndez Costa, María Josefa
9 (RLIN) 6832
245 10 - MENCIÓN DE TÍTULO
Título Derecho de familia
Mención de responsabilidad, etc. María Josefa Méndez Costa, Daniel Hugo D'Antonio
260 ## - PUBLICACIÓN, DISTRIBUCIÓN, ETC. (PIE DE IMPRENTA)
Lugar de publicación, distribución, etc. Santa Fe (Argentina)
Nombre del editor, distribuidor, etc. Rubinzal-Culzoni
Fecha de publicación, distribución, etc. 1994-1998
300 ## - DESCRIPCIÓN FÍSICA
Extensión 3 v.
Dimensiones 23 cm
650 24 - PUNTO DE ACCESO ADICIONAL DE MATERIA - TÉRMINO DE MATERIA
Término de materia o nombre geográfico como elemento inicial Derecho de familia
Subdivisión geográfica Argentina
9 (RLIN) 6816
700 1# - PUNTO DE ACCESO ADICIONAL - NOMBRE DE PERSONA
9 (RLIN) 6834
Nombre de persona D'Antonio, Daniel Hugo
942 ## - ENTRADA DE ELEMENTOS AGREGADOS (KOHA)
Fuente de clasificaión o esquema Dewey Decimal Classification
Koha [por defecto] tipo de item 1- Monografias
Existencias
Suprimido Perdido Fuente de clasificación o esquema Estropeado Restricciones de uso No para préstamo Código de colección Localización permanente Localización actual Localización en estanter&íacute;as Fecha adquisición Fuente de adquisición Número de inventario Préstamos totales Renovaciones totales Signatura completa Código de barras Fecha última consulta Fecha último préstamo Coste, precio reemplazado Fecha del precio de reemplazo Tipo de item de Koha
NULL NULL Dewey Decimal Classification NULL Prestable NULL NULL Biblioteca Miguel de Cervantes - UNICAES Biblioteca Miguel de Cervantes - UNICAES Sala Principal 29/05/2001 Donación - Facultad de Ciencias y Humanidades 004105 4 1 346.015 MEN der (v. 1) 1004105 08/02/2024 08/02/2024 18.00 11/10/2013 1- Monografias
NULL NULL Dewey Decimal Classification NULL Prestable NULL NULL Biblioteca Miguel de Cervantes - UNICAES Biblioteca Miguel de Cervantes - UNICAES Sala Principal 29/05/2001 Donación - Facultad de Ciencias y Humanidades 004106 2   346.015 MEN der (v. 2) 1004106 08/02/2024 08/02/2024 18.00 11/10/2013 1- Monografias
NULL NULL Dewey Decimal Classification NULL Prestable NULL NULL Biblioteca Miguel de Cervantes - UNICAES Biblioteca Miguel de Cervantes - UNICAES Sala Principal 29/05/2001 Donación - Facultad de Ciencias y Humanidades 004107 3 1 346.015 MEN der (v. 3) 1004107 18/04/2018 18/04/2018 18.00 11/10/2013 1- Monografias